00739nas a22001697a 450000500170000000800410001704000130005824500150007126001210008630000120020731000110021936200570023050000830028765000570037065100440042771000980047120260521105034.0260521b19811983pormr|j||||||s00| z por d cBR-ViAPE aES Revista aVitóriabSecretaria Extraordinária de Comunicação Social - Governo do Estado do Espírito Santoc1981-1983 av.bil. aMensal aAno 1, n. 0 (fev. 1981) - ano 1, n. 12 (mar. 1983).  aColeção incompleta: disponíveis apenas alguns números do periódico.  aArtesxEducaçãoxComportamentozEspírito Santo aEspírito Santo (Brasil)vPeriódicos aSecretaria Extraordinária de Comunicação Social - Governo do Estado do Espírito Santo